000 00515pam a2200157 a 4500
020 _a0408027800 :
082 0 0 _a363.1251
_bGRI
_cL-18, P-39
100 1 _aGrime, G.
_938010
245 1 0 _aHandbook of road safety research /
_cGeoffrey Grime.
260 _aLondon ;
_aBoston :
_bButterworths,
_c1987.
300 _aix, 149 p. :
_bill. ;
_c25 cm.
526 _a0
_b0
_c0
_d363_125100000000000_GRI
650 0 _aTraffic accidents
_zGreat Britain.
_938011
650 0 _aTraffic safety
_zGreat Britain.
_938012
942 _2ddc
_cBK
999 _c542713
_d542713